| 000 | nam a22 a 4500 | ||
|---|---|---|---|
| 999 |
_c416322 _d416322 |
||
| 003 | BLK | ||
| 005 | 20230411101017.0 | ||
| 008 | 210526b bu |||||r|||| 00| 0 bu d | ||
| 040 | _aBLK | ||
| 041 |
_aBUL _cBUL |
||
| 080 |
_aМедицинска микробиология. Подразделя се с отношение (Табл. Іb) към съответните деления на 61 _b61 _x:579.61 _z61:579.61 |
||
| 100 |
_91299 _aМарков, Владимир Несторов _eпърви автор |
||
| 139 |
_aМарков, Владимир Несторов _bМ 32 |
||
| 245 |
_aМедицинска микробиология, имунитет и вируси _bЗа медицински и ветеринарни лекари, биолози и студенти _cВладимир Несторов Марков |
||
| 250 | _a3. прераб. и доп. изд | ||
| 260 |
_9219317 _aСофия _bУнив. печ. _c1946 |
||
| 300 |
_aXV, 460 с. _b10 л. : табл. _c24 см |
||
| 380 | _a61 | ||
| 500 | _a1. изд. 1932 под загл. Патогенни микроорганизми и имунитет | ||
| 650 | 0 |
_aМикробиология, медицинска _9162160 |
|
| 653 | 7 |
_9187586 _aимунитет |
|
| 653 | 7 |
_9183318 _aвируси |
|
| 852 |
_aЦб 6.235.19145 _bО |
||
| 852 |
_aЦб 6.325.20038 _bО |
||
| 942 |
_cKNG _n0 _s1 |
||
| 944 |
_aCR _c2021-05-26 _kВП |
||
| 999 | _d416322 | ||